| 000 | 00563 a2200181 4500 | ||
|---|---|---|---|
| 999 |
_c329545 _d329545 |
||
| 001 | 86232 | ||
| 003 | NUST | ||
| 005 | 20170615121844.0 | ||
| 008 | 170512b xxu||||| |||| 00| 0 eng d | ||
| 020 | _a9789693512076 | ||
| 040 | _cNUST | ||
| 041 | _hurdu | ||
| 082 |
_a891.4392 _bAHM |
||
| 100 |
_aAshfaq Ahmed _9651 |
||
| 245 |
_a Hasrat-e- tameer: talqin shah _cAshfaq Ahmed |
||
| 250 | _a1st | ||
| 260 |
_aLahore _bSang e Meel _c2006 |
||
| 300 | _a358p. | ||
| 500 | _aGeneral Collection | ||
| 650 |
_aUrdu Literature _9347 |
||
| 880 |
_6100-01\(3\r _aاشفاق احمد |
||
| 880 |
_6245-02\(3\r _aحسرت تعمیر _bتلقین شاہ _cاشفاق احمد |
||
| 880 |
_6260-03\(3\r _aلاہور: _bسنگ میل پبلی کیشنز، _c2006 |
||
| 942 |
_cBK _2ddc |
||